000 00729nas a2200253 a 4500
999 _c447537
_d447537
003 BLK
005 20230727122724.0
008 220308b bu |||||r|||| 00| 0 bu d
040 _aBLK
041 _aBUL
_cBUL
080 _aСредни училища
_b373.5
_x(055)
_z373.5
110 2 _aМатематическа гимназия Баба Тонка - Русе
_92433
139 _bБ 98
245 _aБюлетин : 108 години училище Баба Тонка
260 _9441842
_aРусе
_bб. и.
_c1972
300 _c30 см
380 _a3
852 _bК
_cК 373.5/Б 98
942 _cBUL
_n0
_s1
_01
944 _aCR
_c2022-03-08
_k30556
_lТеодора Пейчева-Дянкова
999 _d447537
999 _d447537
999 _d447537